Where the wild things are

The story focuses on a young boy named Max who, after dressing in his wolf suit, wreaks such havoc through his household that he is sent to bed without his supper. Max's bedroom undergoes a mysterious transformation into a jungle environment, and he winds up sailing to an island inhabited by mo...

Popoln opis

Shranjeno v:
Bibliografske podrobnosti
Glavni avtor: Sendak, Maurice
Format: Knjiga
Jezik:Vietnamese
Izdano: New York Harper Collins 1963
Teme:
Oznake: Označite
Brez oznak, prvi označite!
Thư viện lưu trữ: Thư viện Trường Đại học Nam Cần Thơ
LEADER 01171nam a22001937a 4500
001 NCT_4_008630
008 240530b xxu||||| |||| 00| 0 vie d
999 |c 8366  |d 8366 
020 |a 0064431789 
082 0 4 |2 23rd ed.  |a 590  |b S749 
100 1 |a Sendak, Maurice 
245 1 0 |a Where the wild things are  |c Maurice Sendak 
260 |a New York  |b Harper Collins  |c 1963 
300 |a 48 p.  |b ill.  |c 26cm 
520 3 |a The story focuses on a young boy named Max who, after dressing in his wolf suit, wreaks such havoc through his household that he is sent to bed without his supper. Max's bedroom undergoes a mysterious transformation into a jungle environment, and he winds up sailing to an island inhabited by monsters, simply called the Wild Things. The Wild Things try to scare Max, but to no avail. After stopping and intimidating the creatures, Max is hailed as the king of the Wild Things and enjoys a playful romp with his subjects. 
653 |a Tham khảo 
942 |2 ddc  |c BK 
952 |0 0  |1 0  |2 ddc  |4 0  |6 590_000000000000000_S749  |7 0  |9 28924  |a 000001  |b 000001  |d 2024-05-30  |o 590 S749  |p TK.00974  |r 2024-05-30  |w 2024-05-30  |y BK 
980 |a Thư viện Trường Đại học Nam Cần Thơ